| 000 | 03439cam a22005774i 4500 | ||
|---|---|---|---|
| 003 | PE-LiUPU | ||
| 005 | 20250731165611.0 | ||
| 008 | 150706s r 000 0 d | ||
| 020 | _a9871305079 | ||
| 035 | _a(Sirsi) i9789871305070 | ||
| 040 |
_aPE-LiUPU _bspa _cPE-LiUPU _erda |
||
| 049 | _aPRUA | ||
| 082 | 0 | 4 |
_a025.21 _bV34 _221 |
| 100 | 1 |
_aVázquez Murillo, Manuel , _eautor. |
|
| 245 | 1 | 0 |
_aCómo seleccionar documentos de archivo / _cManuel Vázquez Murillo. |
| 264 | 1 |
_aBuenos Aires : _bAlfagrama, _c2006 . |
|
| 300 |
_a181 páginas : _bilustraciones, esquemas ; _c23 centímetros |
||
| 336 |
_atext _2rdacontent |
||
| 337 |
_aunmediated _2rdamedia |
||
| 338 |
_avolume _2rdacarrier |
||
| 490 | 0 |
_aBiblioteca Alfagrama. Serie Archivística ; _v4 |
|
| 504 | _aIncluye bibliografía. | ||
| 505 | 0 | _aSección Terminológica -- ¿Qué es la Selección de Documentos de Archivo? -- Objetivos y método para seleccionar documentos -- Acue rd o terminológico -- Documentos que nacen, trabajan y envejecen -- Antes de seleccionar, depurar -- Segunda Parte. ¿Cómo descubrir y apreciar los valores de los documentos? -- Análisis del valor inmediato o primario -- Nuestra realidad vista desde el futuro -- Valor secundario -- Núcleo de documentos imprescindibles -- Los predecibles -- Núcleo imprescindible en instituciones del Estado: nacionales, provinciales y municipales -- Núcleo imprescindible en cada sector de la realidad -- Complementos necesarios -- Los no predecibles -- . Series documentales complementarios para conocer las personas -- Series documentales complementarias para los demás sectores de la realidad -- Tercera Parte. Sección Operativa -- Respaldo de especialistas al archivero -- La tabla de retención y destino final -- Técnicas y tecnología para la selección de documentos de archivos -- Apéndices: -- Aportes para una historia de la selección documental -- ¿Puede un archivero destruir documentos irremplazables? -- Norma ISO 15.489 -- Especificación Moreq: transferencia, exportación y destrucción de documentos. | |
| 526 | _aSEG44 | ||
| 526 | _aSEG26 | ||
| 526 | _aP151 | ||
| 526 | _aP150 | ||
| 526 | _aP149 | ||
| 526 | _aP146 | ||
| 526 | _aP145 | ||
| 526 | _aP126 | ||
| 526 | _aP125 | ||
| 526 | _aP92 | ||
| 526 | _aP75 | ||
| 526 | _aP74 | ||
| 526 | _aP27 | ||
| 526 | _aP15 | ||
| 541 | _g001-000109; | ||
| 541 | _g015-0012337; | ||
| 650 | 0 | 4 | _aDesarrollo de colecciones. |
| 650 | 0 | 4 |
_aDocumentación _vManuales, etc. |
| 650 | 0 | 4 | _aMateriales de archivo. |
| 910 |
_agl _bjv _cng _d20110524 |
||
| 942 |
_2ddc _cBOOK |
||
| 949 |
_a025.21 V34 _wDEWEY _c1 _i62979 _lCCODEBUL1 _mBUL _p24.00 _r0 _sY _tBOOK _u2015-7-6 _xFCE _zAGB _0COMPRA _o.STAFF. Colección General |
||
| 949 |
_a025.21 V34 _wDEWEY _c2 _i69095 _lCCODEBUL1 _mBUL _p12.00 _r0 _sY _tBOOK _u2015-7-6 _xFCE _PP08 _0COMPRA _o.STAFF. Colección General |
||
| 994 |
_aC0 _bPEPRU |
||
| 596 | _a1 | ||
| 999 |
_a025.21 V34 _wDEWEY _c51998 _i62979 _f2021-11-4 _g6 _lCCODEBUL1 _mBUL _p24.00 _r0 _sY _tBOOK _u2015-7-6 _xBIBLIOTECA _zAGB _0COMPRA _o.STAFF. Colección General _d51998 |
||
| 999 |
_a025.21 V34 _wDEWEY _c2 _i69095 _f2021-11-4 _g6 _lCCODEBUL1 _mBUL _p12.00 _r0 _sY _tBOOK _u2015-7-6 _xBIBLIOTECA _PP08 _0COMPRA _o.STAFF. Colección General |
||
| 980 |
_81 _gALBERTO SANCHEZ Responsable de Automatización |
||